MCAD/MCSD : Visual Basic.net XML web services and sever (Record no. 88450)

MARC details
000 -LEADER
fixed length control field 00530nam a2200181Ia 4500
008 - FIXED-LENGTH DATA ELEMENTS--GENERAL INFORMATION
fixed length control field 230125s9999 xx 000 0 und d
041 ## - LANGUAGE CODE
Language code of text/sound track or separate title eng
082 ## - DEWEY DECIMAL CLASSIFICATION NUMBER
Classification number 005.754
Item number FAN/REI
100 ## - MAIN ENTRY--PERSONAL NAME
Personal name Fanstill P
9 (RLIN) 111527
245 ## - TITLE STATEMENT
Title MCAD/MCSD : Visual Basic.net XML web services and sever
260 ## - PUBLICATION, DISTRIBUTION, ETC. (IMPRINT)
Date of publication, distribution, etc. 2003
Name of publisher, distributor, etc. Shroff publisher and distributors
Place of publication, distribution, etc. Mumbai
300 ## - PHYSICAL DESCRIPTION
Extent 597p
500 ## - GENERAL NOTE
Keywords Visual Basic;XML;.net;VB
650 ## - SUBJECT ADDED ENTRY--TOPICAL TERM
Topical term or geographic name as entry element Computer Management
700 ## - ADDED ENTRY--PERSONAL NAME
Personal name Fanstill P & Reisman B
9 (RLIN) 111528
906 ## - LOCAL DATA ELEMENT F, LDF (RLIN)
b 100
Holdings
Withdrawn status Lost status Damaged status Not for loan Home library Current library Date acquired Vendor Cost, normal purchase price Bill number Full call number Barcode Date last seen Cost, replacement price Bill Date Koha item type Original Barcode
Withdrawn 2022-23       Smt. Hiraben Nanavati Institute of Management & Research for Women Smt. Hiraben Nanavati Institute of Management & Research for Women 27/03/2006 Radient book service 500.00 2392 005.754 FAN/REI B05058 HIMR-BK-5058 25/01/2023 400.00 25/03/2006 Books B05058